000
00296nam a22001337a 4500
008
170426b xxu||||| |||| 00| 0 eng d
020
_a
9781429219556
041
_a
eng
080
_2
5 ED
_a
54
100
_a
12
101
_a
SHM
245
_a
CHEMICALN PRINCIPLES
_c
ATKINS.P
942
_2
udc
_c
BK
999
_c
12151
_d
12151